Kto jest autorem cytatu związanego z piłką nożną? #2 - Statystyki

Ogólne statystyki
  • Ten quiz został rozwiązany 214 razy
  • Średni wynik to 5 z 15
Statystyki odpowiedzi
Zagadnienie Odpowiedź % Poprawnych
„Kamilo! Ty never touch, never touch! Kamil! A masz osiem kartek, a ty never touch!” Szymon Marciniak
68%
„Kim bym był, gdybym nie został piłkarzem? Prawiczkiem”. Peter Crouch
64%
„Będę go zjadł. Myślę, że go sam ugotuję, tak po afrykańsku, i będę go zjadł” Prejuce Nakoulma
63%
„Lubię Aston Villę, ponieważ nazwa jest taka słodka. Brzmi jak urocze SPA” Tom Hanks
35%
„Futbol to nie matematyka. W tej grze dwa plus dwa prawie nigdy nie daje cztery. Czasem to trzy, a czasem pięć” Leo Beenhakker
33%
„Kiedy po raz pierwszy przybyłem do Anglii, pomyślałem sobie: bez cienia wątpliwości, futbol został tutaj wymyślony” Arsene Wenger
32%
„Jest ciężko. Jest niedziela, 17:00, pogoda też nie dopisuje do grania w piłkę” Piotr Ćwielong
31%
„Nie pozwólcie nam zapomnieć, że miejscem prawdy dla sportowca jest i zawsze będzie stadion” Eric Cantona
29%
„Nie jest łatwo wypruwać sobie żyły na boisku, kiedy właśnie obudziłeś się w pięciogwiazdkowym hotelu. Za dużo komfortu czyni cię wygodnym” Jurgen Klopp
29%
„W życiu przeczytałem tylko jedną książkę, bo miała tylko osiem stron. To była „Nasza szkapa”. Chyba coś o jakimś wychudzonym koniu” Mariusz Piekarski
29%
„Dziennikarze potrafią stworzyć lub zniszczyć piłkarzy. W drugą stronę rzadko to działa" Malcolm Macdonald
26%
„Mourinho jest najlepszym trenerem na świecie. Może nie jest Bogiem, ale prawie nim jest” Eden Hazard
21%
„Życie trenera jest jak tramwaj: jeden wsiada, drugi wysiada. Ja właśnie wysiadam” Wojciech Łazarek
18%
„Mój pierwszy kontrakt był większy niż wszystkie pieniądze, jakie zarobił mój tata, elektryk. Zrozumiałem więc, jak to jest. Byłoby szaleństwem powiedzieć: – Nie, dzięki, nie chcę tego. Tak wygląda futbol. Wszyscy zarabiają pieniądze, więc dlaczego my, piłkarze, mielibyśmy nie zarabiać? Tak dużo ludzi chce to oglądać”. Dennis Bergkamp
15%
„Kocham futbol, ale bycie trenerem to najbardziej samotna praca na świecie. Czasem myślisz, że jesteś sam przeciwko całemu światu” Dick Advocaat
8%
Nie znaleziono quizów pasujących do podanych kryteriów
Rozkład punktacji
Procent ludzi z każdym wynikiem
Percentyl według liczby udzielonych odpowiedzi
Twoja historia wyników
Nie rozwiązałeś tego quizu